Largest Cities in the World Between 30° and 40° North - Statistics

General Stats
  • This quiz has been taken 15 times
  • The average score is 33 of 47
Answer Stats
# Population Continent Coordinates Answer % Correct
5 21,500,000 Asia 39°54′24″N 116°23′51″E Beijing
100%
4 22,800,000 Africa 30°2′40″N 31°14′9″E Cairo
92%
8 17,100,000 North America 34°03′N 118°15′W Los Angeles
92%
7 17,700,000 Asia 34°41′38″N 135°30′8″E Ōsaka
92%
1 41,600,000 Asia 31°13′43″N 121°28′29″E Shànghăi
92%
9 16,800,000 Asia 35°41′20″N 51°23′23″E Tehran
92%
2 41,200,000 Asia 35°41′N 139°46′E Tōkyō
92%
28 6,150,000 North America 33°44′56″N 84°23′24″W Atlanta
85%
15 10,500,000 Asia 35°11′N 136°54′E Nagoya
85%
23 7,500,000 North America 39°57′10″N 75°9′49″W Philadelphia
85%
23 7,500,000 North America 37°47′N 122°25′W San Francisco
85%
3 25,200,000 Asia 37°34′N 126°59′E Seoul
85%
14 11,700,000 Asia 39°08′01″N 117°12′19″E Tiānjīn
85%
18 8,650,000 North America 38°54′17″N 77°00′59″W Washington, D.C.
85%
13 12,600,000 Asia 30°35′36″N 114°18′17″E Wŭhàn
85%
12 13,400,000 Asia 34°15′40″N 108°56′32″E Xī'ān
85%
44 3,575,000 Europe 37°59′03″N 23°43′41″E Athens
77%
20 7,800,000 Asia 33°18′55″N 44°21′58″E Baghdād
77%
6 18,100,000 Asia 30°39′36″N 104°03′48″E Chéngdū
77%
10 14,600,000 Asia 30°16′01″N 120°09′11″E Hángzhōu
77%
17 9,500,000 Asia 32°03′39″N 118°46′44″E Nánjīng
77%
22 7,700,000 Asia 36°04′01″N 120°22′58″E Qīngdăo
77%
27 6,250,000 Africa 31°11′51″N 29°53′33″E Alexandria
69%
34 5,200,000 Asia 39°55′48″N 32°51′00″E Ankara
69%
39 3,975,000 Asia 35°10′48″N 129°04′30″E Busan
69%
37 4,450,000 Africa 33°32′N 7°35′W Casablanca
69%
20 7,800,000 North America 32°46′45″N 96°48′32″W Dallas
69%
39 3,975,000 Asia 33°30′47″N 36°18′34″E Damascus
69%
10 14,600,000 Asia 31°32′59″N 74°20′37″E Lāhore
69%
26 6,450,000 Asia 38°02′33″N 114°30′36″E Shíjiāzhuāng
69%
28 6,150,000 Asia 37°52′13″N 112°32′59″E Tàiyuán
69%
16 10,300,000 Asia 34°45′50″N 113°41′02″E Zhèngzhōu
69%
28 6,150,000 Asia 31°56′59″N 35°55′58″E Amman
62%
32 5,400,000 Asia 38°54′N 121°36′E Dàlián
62%
25 6,750,000 Asia 36°40′13″N 117°01′15″E Jìnán
62%
33 5,250,000 Asia 34°31′31″N 69°10′42″E Kābul
62%
44 3,575,000 Asia 36°03′38″N 103°49′36″E Lánzhōu
62%
35 4,950,000 North America 33°26′54″N 112°04′26″W Phoenix
62%
39 3,975,000 Asia 36°48′50″N 118°03′18″E Zībó
62%
42 3,875,000 North America 39.7392°N 104.9849°W Denver
54%
19 8,200,000 Asia 31°49′14″N 117°13′38″E Héféi
54%
36 4,650,000 Asia 35°06′14″N 118°21′23″E Linyi
46%
46 3,475,000 Asia 36°19′35″N 59°32′36″E Mashhad
46%
31 5,600,000 Asia 33°36′N 73°02′E Rawalpindi
46%
38 4,125,000 Asia 31°25′0″N 73°5′28″E Faisalābād
31%
46 3,475,000 Asia 31°58′52″N 120°53′38″E Nántōng
31%
43 3,750,000 Asia 34°37′11″N 112°27′14″E Luòyáng
15%
No matching quizzes found
Score Distribution
Percent of People with Each Score
Percentile by Number Answered
Your Score History
You have not taken this quiz